000
00285nam a2200121Ia 4500
008
190216s9999||||xx |||||||||||||| ||und||
100
_a
Knut Schmidt Nielsen
245
0
_a
Animal Physiology
260
_b
Prentice Hall India
_c
1958
300
_a
118p
650
_a
Zoology
942
_c
BK
999
_c
37314
_d
37314